000 00639nam a2200241 i 4500
001 C2-0246951
003 PPAK
005 20180727211614.0
008 030325s2000 nyua|||| ||||| | eng d
020 _a0140566511
040 _aPPAK
_beng
_cPPAK
_erda
082 0 4 _a428.6
_223
090 0 0 _a428.6
_bBEM
_dK
100 1 _aBemelmans, Ludwig,
_eauthor
245 1 0 _aMadeline's rescue
264 1 _aNew York :
_bPuffin Books ,
_c[2000]
300 _a56 pages :
_bcolour illustrations ;
_c31 cm
336 _2rdacontent
_atext
337 _2rdamedia
_aunmediated
338 _2rdacarrier
_avolume
650 1 0 _aReaders
942 _ddc
_cB
999 _c60842
_d60842